Truyện cười thế giới chọn lọc /

Guardado en:
Detalles Bibliográficos
Otros Autores: Châu Hùng (tuyển chọn), Nguyễn Hai (tuyển chọn)
Formato: Sách giấy
Lenguaje:Vietnamese
Publicado: H. : Văn hoá - Thông tin, 2005
Materias:
Etiquetas: Agregar Etiqueta
Sin Etiquetas, Sea el primero en etiquetar este registro!
Thư viện lưu trữ: Thư viện Trường Đại học Đà Lạt
LEADER 00754nam a2200301 4500
001 DLU060055082
005 ##20060921
040 # # |a DLU  |b vie 
041 # # |a vie 
044 # # |a vn 
082 # # |a 808.882  |b Tru 
245 # # |a Truyện cười thế giới chọn lọc /  |c Châu Hùng, Nguyễn Hai tuyển chọn 
260 # # |a H. :  |b Văn hoá - Thông tin,  |c 2005 
300 # # |a 247 tr. ;  |c 19 cm 
651 # # |a Truyện cười 
700 # # |a Châu Hùng,  |e tuyển chọn 
700 # # |a Nguyễn Hai,  |e tuyển chọn 
923 # # |a 21/2006 
992 # # |a 28.000 
994 # # |a DLU 
900 # # |a True 
911 # # |a Đào Thị Thu Huyền 
925 # # |a G 
926 # # |a A 
927 # # |a SH 
980 # # |a Thư viện Trường Đại học Đà Lạt